00870nam a2200217 a 450000100100000000500170001000800410002702000150006804000250008308200150010810000390012324501370016226000520029930000270035149000440037870000400042283000510046204900090051395201130052299900170063500001645620200929164922.0100305s2005 dr a 000 0 spa d a9993424153 aDO-SdBNPbspacBNPHU axxxbP227c1 aParedes de la Rosa, Ángel93666710aComités de trabajo :bestrategía de participación estudiantil /cÁngel Paredes de la Rosa; edición Pilar Cachofeiro Ramos. aSanto Domingo :bCentro Cultural Poveda,c2005. a62 p. :bil. ;c27 cm.1 aCuadernos de Sociedad y Educaciónv181 aCachofeiro Ramos, Pilareed.936668 0aCuadernos de Sociedad y Educaciónn18936669 aBNPD 0010718PDaPDbPDcCTd2010-03-05iLF1l0oxxx P227cp16456-10r2020-06-25w2020-06-25yLFPDZNo se presta c15991d15991